| 000 | 00574cam a2200181 4500500 | ||
|---|---|---|---|
| 005 | 20251228055334.0 | ||
| 041 | _afre | ||
| 042 | _adc | ||
| 100 | 1 | 0 |
_aNogues, Michel _eauthor |
| 700 | 1 | 0 |
_aBlanckaert, Antonin _eauthor |
| 700 | 1 | 0 |
_aPaccard, Delphine _eauthor |
| 700 | 1 | 0 |
_aSuzanne, Olivier _eauthor |
| 245 | 0 | 0 | _aLes Observatoires des situations de fragilité |
| 260 | _c2015. | ||
| 500 | _a26 | ||
| 786 | 0 | _nRegards | 48 | 2 | 2015-11-02 | p. 233-237 | 0988-6982 | |
| 856 | 4 | 1 | _uhttps://shs.cairn.info/revue-regards-2015-2-page-233?lang=fr&redirect-ssocas=7080 |
| 999 |
_c1586446 _d1586446 |
||